| 000 | 00706nam a22001817a 4500 | ||
|---|---|---|---|
| 005 | 20250805122751.0 | ||
| 010 | _aHIN-130135 | ||
| 020 |
_a9789362497895 _c399.00 |
||
| 035 | _aHN-102481 | ||
| 037 | _bDBAD | ||
| 082 | _a921 | ||
| 100 |
_aभामडा, दयाराम सिंह _983751 |
||
| 245 |
_aआत्म कथांक तपता बचपन अपना जीवन / _cदयाराम सिंह भामडा |
||
| 260 |
_bड्रीमबुक पब्लिशिंग _c2025 |
||
| 270 |
_k7249951871 _minfo@dreambookpublishing.com |
||
| 300 |
_a341पृ. _b 22सेमी (अजिल्द) |
||
| 942 |
_2ddc _cHN _h921 _mभामडा |
||
| 999 |
_c212820 _d212820 |
||